[Event "Novorossiysk Small Land Rapid op"]
[Site "Novorossiysk"]
[Date "2023.07.28"]
[Round "10"]
[White "Vlasov, Egor"]
[Black "Muromtsev, Arthur"]
[Result "1-0"]
[WhiteElo "2220"]
[BlackElo "2019"]
[PlyCount "89"]
[EventDate "2023.07.26"]
[EventType "swiss (rapid)"]
[EventRounds "11"]
[EventCountry "RUS"]
[SourceTitle "CBM 215 Extra"]
[Source "ChessBase"]
[SourceDate "2023.09.30"]
[SourceVersion "1"]
[SourceVersionDate "2023.09.30"]
[SourceQuality "1"]

1. e4 e5 2. Nf3 Nc6 3. Bb5 Nge7 4. c3 a6 5. Ba4 g6 6. d4 exd4 7. cxd4 b5 8. Bb3 Bg7 9. Nc3 0-0 10. a4 b4 11. Nd5 Nxd5 12. Bxd5 Rb8 13. Bg5 Ne7 14. Bb3 h6 15. Bh4 d6 16. 0-0 Bg4 17. Re1 g5 18. Bg3 Nc6 19. Qc2 Na5 20. e5 Bxf3 21. gxf3 Nxb3 22. Qxb3 dxe5 23. dxe5 Rb6 24. Kg2 Qa8 25. Qc4 h5 26. h4 g4 27. Qe4 Qxe4 28. Rxe4 gxf3+ 29. Kxf3 Rd8 30. Rc1 Rd2 31. b3 Rd3+ 32. Re3 Rxe3+ 33. Kxe3 c6 34. Ke4 Bf8 35. f4 c5 36. Bf2 Rb7 37. Bxc5 Bh6 38. Bd6 Bg7 39. Rc8+ Kh7 40. Rc7 Rxc7 41. Bxc7 Kg8 42. Bd6 a5 43. Bc7 Bf8 44. Bxa5 Bc5 45. Bc7 1-0

[Event "Novorossiysk Small Land op"]
[Site "Novorossiysk"]
[Date "2023.07.25"]
[Round "9"]
[White "Muromtsev, Arthur"]
[Black "Karulin, Nikita"]
[Result "1-0"]
[WhiteElo "2019"]
[BlackElo "1564"]
[PlyCount "36"]
[EventDate "2023.07.17"]
[EventType "swiss"]
[EventRounds "9"]
[EventCountry "RUS"]
[SourceTitle "CBM 215 Extra"]
[Source "ChessBase"]
[SourceDate "2023.09.30"]
[SourceVersion "1"]
[SourceVersionDate "2023.09.30"]
[SourceQuality "1"]

1. e4 c6 2. d4 d5 3. exd5 Qxd5 4. Nc3 Qa5 5. Bc4 Bf5 6. Nge2 Nf6 7. 0-0 e6 8. Ng3 Bg6 9. f4 Be7 10. f5 exf5 11. Qe2 Qc7 12. Bf4 Qd7 13. Rae1 Ne4 14. Nxf5 Bxf5 15. Nxe4 0-0 16. Ng3 Bh4 17. Nxf5 Bxe1 18. Qe5 Qd8 1-0

[Event "Novorossiysk Small Land op"]
[Site "Novorossiysk"]
[Date "2023.07.22"]
[Round "6"]
[White "Muromtsev, Arthur"]
[Black "Yandarbiev, Ruslan"]
[Result "1-0"]
[WhiteElo "2019"]
[BlackElo "2216"]
[PlyCount "153"]
[EventDate "2023.07.17"]
[EventType "swiss"]
[EventRounds "9"]
[EventCountry "RUS"]
[SourceTitle "CBM 215 Extra"]
[Source "ChessBase"]
[SourceDate "2023.09.30"]
[SourceVersion "1"]
[SourceVersionDate "2023.09.30"]
[SourceQuality "1"]

1. e4 c5 2. Nc3 a6 3. Nge2 b5 4. d4 cxd4 5. Nxd4 Bb7 6. Bg5 d6 7. a4 bxa4 8. Bc4 Nd7 9. 0-0 Ngf6 10. Re1 e6 11. Kh1 Nb6 12. Bxe6 fxe6 13. Nxe6 Qd7 14. Nd5 Nfxd5 15. exd5 Kf7 16. Nxf8 Raxf8 17. Re7+ Qxe7 18. Bxe7 Kxe7 19. Qe1+ Kd7 20. Qe6+ Kc7 21. Qe7+ Kb8 22. Qxd6+ Ka7 23. Qc5 Rc8 24. Qd4 Rhd8 25. c3 Rxd5 26. Qe3 Rcd8 27. h3 Rd3 28. Qc5 R8d5 29. Qe7 Rxh3+ 30. Kg1 Rhh5 31. Re1 Rd7 32. Qe3 h6 33. f3 Rhd5 34. c4 Rd3 35. Qc5 R3d6 36. Qe3 Rd3 37. Qc5 Rd1 38. Kf1 R7d4 39. Rxd1 Rxd1+ 40. Ke2 Rc1 41. Qd4 Rxc4 42. Qxg7 Rb4 43. Kd1 a5 44. Kc1 Nc4 45. Qd4+ Ka6 46. Qd3 Bc6 47. f4 Kb6 48. Qd4+ Kb5 49. f5 Nxb2 50. Qe5+ Ka6 51. Qe2+ Rb5 52. Qe6 Nd3+ 53. Kd2 Nb4 54. f6 Rd5+ 55. Ke2 a3 56. f7 a2 57. Qf6 Rd8 58. Qxd8 a1Q 59. f8Q Qb2+ 60. Qd2 Bb5+ 61. Ke3 Qe5+ 62. Kf3 Bd3 63. Qdxh6+ Kb5 64. Qhf4 Qe2+ 65. Kg3 Ka4 66. Q8f6 Kb3 67. Q6d4 Qe1+ 68. Kh2 a4 69. Qf7+ Kc2 70. Qc7+ Kb3 71. Qcb6 Qc3 72. Qd5+ Qc4 73. Qe5 a3 74. Qbf6 Qc2 75. Qd4 a2 76. Qfe5 Bc4 77. Qe1 1-0

[Event "Anapa Sea Harbor op"]
[Site "Anapa"]
[Date "2023.06.08"]
[Round "7"]
[White "Nefedov, Sergey Anatolievich"]
[Black "Muromtsev, Arthur"]
[Result "1-0"]
[WhiteElo "2318"]
[BlackElo "2038"]
[PlyCount "83"]
[EventDate "2023.06.02"]
[EventType "swiss"]
[EventRounds "9"]
[EventCountry "RUS"]
[SourceTitle "CBM 214 Extra"]
[Source "ChessBase"]
[SourceDate "2023.07.31"]
[SourceVersion "1"]
[SourceVersionDate "2023.07.31"]
[SourceQuality "1"]

1. Nf3 Nf6 2. c4 g6 3. g3 Bg7 4. Bg2 0-0 5. 0-0 d6 6. Nc3 Nc6 7. Rb1 Bf5 8. d3 Qd7 9. Re1 e5 10. Nd5 Nxd5 11. cxd5 Ne7 12. Bg5 f6 13. Bd2 g5 14. Qb3 b6 15. Rec1 Bg6 16. Rc4 Bf7 17. Qc2 Rfc8 18. Rc1 Nxd5 19. e4 b5 20. Rc6 Nb6 21. d4 g4 22. Nh4 exd4 23. Nf5 Nc4 24. b3 Re8 25. Nxd4 f5 26. bxc4 Bxd4 27. cxb5 Bb6 28. exf5 d5 29. Bf4 d4 30. Qd3 Bd5 31. Bxd5+ Qxd5 32. Bxc7 Re4 33. Qc4 Qxc4 34. R1xc4 Re1+ 35. Kg2 d3 36. Rd6 Bxf2 37. Rxg4+ Kf7 38. Kxf2 Rae8 39. Rxd3 R8e2+ 40. Kf3 Re7 41. Rc4 h5 42. Bf4 1-0

[Event "Gelendzhik Rapid op"]
[Site "Gelendzhik"]
[Date "2023.05.29"]
[Round "9"]
[White "Fedotov, Nikita1111"]
[Black "Muromtsev, Arthur"]
[Result "0-1"]
[WhiteElo "2311"]
[BlackElo "2036"]
[PlyCount "116"]
[EventDate "2023.05.27"]
[EventType "swiss (rapid)"]
[EventRounds "11"]
[EventCountry "RUS"]
[SourceTitle "CBM 214 Extra"]
[Source "ChessBase"]
[SourceDate "2023.07.31"]
[SourceVersion "1"]
[SourceVersionDate "2023.07.31"]
[SourceQuality "1"]

1. d4 Nf6 2. c4 c5 3. d5 g6 4. Nc3 Bg7 5. e4 d6 6. Be2 0-0 7. Nf3 e6 8. Be3 exd5 9. cxd5 a6 10. a4 Bg4 11. Nd2 Bxe2 12. Qxe2 Nbd7 13. 0-0 Re8 14. h3 Rc8 15. Bf4 Ne5 16. Bxe5 Rxe5 17. Nc4 Re8 18. a5 Nh5 19. Qf3 Bh6 20. Rfe1 f6 21. Ra3 Rc7 22. Rb3 Rf7 23. Rb6 Bf8 24. g4 Ng7 25. Qf4 f5 26. Nxd6 Bxd6 27. Rxd6 Qxa5 28. e5 fxg4 29. Qxg4 Nf5 30. Re6 Ref8 31. Rf6 Rxf6 32. exf6 Rxf6 33. Re6 Rf7 34. Ne4 Nd4 35. Nf6+ Kg7 36. Ne8+ Kf8 37. Nd6 Nxe6 38. Nxf7 Qe1+ 39. Kg2 Kxf7 40. dxe6+ Qxe6 41. Qf3+ Kg7 42. Qxb7+ Kh6 43. Qf3 Qf5 44. Qe3+ Qg5+ 45. Kf3 Qxe3+ 46. Kxe3 Kg5 47. Kd3 Kf4 48. Kc4 g5 49. Kxc5 h5 50. Kb6 g4 51. hxg4 h4 52. Kxa6 h3 53. b4 h2 54. b5 h1Q 55. Ka7 Qa1+ 56. Kb7 Qg7+ 57. Ka6 Ke5 58. b6 Kd6 0-1

[Event "Gelendzhik Rapid op"]
[Site "Gelendzhik"]
[Date "2023.05.28"]
[Round "4"]
[White "Voit, Daria"]
[Black "Muromtsev, Arthur"]
[Result "1/2-1/2"]
[WhiteElo "2349"]
[BlackElo "2036"]
[PlyCount "106"]
[EventDate "2023.05.27"]
[EventType "swiss (rapid)"]
[EventRounds "11"]
[EventCountry "RUS"]
[SourceTitle "CBM 214 Extra"]
[Source "ChessBase"]
[SourceDate "2023.07.31"]
[SourceVersion "1"]
[SourceVersionDate "2023.07.31"]
[SourceQuality "1"]

1. d4 Nf6 2. c4 c5 3. d5 g6 4. Nc3 Bg7 5. Nf3 0-0 6. h3 d6 7. Bf4 Nfd7 8. e4 Qa5 9. Bd2 Na6 10. Be2 Qd8 11. 0-0 Nc7 12. Qc2 e5 13. Ne1 f5 14. f4 exf4 15. exf5 Rxf5 16. Bxf4 Ne5 17. g4 Rf7 18. Ng2 Bd7 19. Ne4 Qe7 20. Bg5 Qf8 21. Rxf7 Nxf7 22. Rf1 Ne8 23. Kh1 Be5 24. b3 Qg7 25. Bh4 Qh6 26. Qd3 g5 27. Be1 Nf6 28. Nxf6+ Bxf6 29. Bc3 Bxc3 30. Qxc3 Ne5 31. Qg3 Rf8 32. Rxf8+ Qxf8 33. Ne3 Qf6 34. Bd1 Ng6 35. Bc2 Nf4 36. Qf3 Qa1+ 37. Kh2 Qc1 38. Qf2 h5 39. h4 Bxg4 40. Nxg4 hxg4 41. hxg5 Nh5 42. Qf5 Qd2+ 43. Kg1 Qe1+ 44. Kg2 Qe2+ 45. Qf2 Nf4+ 46. Kg3 Nh5+ 47. Kg2 Qe5 48. Qf5 Qe2+ 49. Qf2 Nf4+ 50. Kg3 Nh5+ 51. Kg2 Qe5 52. Qf5 Qe2+ 53. Qf2 Qe5 1/2-1/2

[Event "Chigorin Memorial 29th"]
[Site "St Petersburg"]
[Date "2022.10.29"]
[Round "8"]
[White "Bolotov, Vyacheslav"]
[Black "Muromtsev, Arthur"]
[Result "0-1"]
[WhiteElo "1651"]
[BlackElo "2154"]
[PlyCount "43"]
[EventDate "2022.10.22"]
[EventType "swiss"]
[EventRounds "9"]
[EventCountry "RUS"]
[SourceTitle "EXT 2024"]
[Source "ChessBase"]
[SourceDate "2023.10.10"]
[SourceVersion "1"]
[SourceVersionDate "2023.10.10"]
[SourceQuality "1"]

1. d4 Nf6 2. c4 c5 3. d5 g6 4. Nc3 Bg7 5. g3 d6 6. Bg2 0-0 7. Nf3 e6 8. 0-0 exd5 9. cxd5 a6 10. a4 Nbd7 11. Bf4 Qc7 12. h3 Re8 13. Nd2 Nh5 14. Nc4 Nxf4 15. gxf4 b6 16. Ne4 Bf8 17. a5 bxa5 18. Nxa5 Rb8 19. Qc2 Rb5 20. Nc6 Bg7 21. Ra2 Nb8 22. Nc3 0-1

[Event "Chigorin Memorial 29th"]
[Site "St Petersburg"]
[Date "2022.10.28"]
[Round "7"]
[White "Muromtsev, Arthur"]
[Black "Chernov, Lev"]
[Result "1/2-1/2"]
[WhiteElo "2154"]
[BlackElo "1698"]
[PlyCount "58"]
[EventDate "2022.10.22"]
[EventType "swiss"]
[EventRounds "9"]
[EventCountry "RUS"]
[SourceTitle "EXT 2024"]
[Source "ChessBase"]
[SourceDate "2023.10.10"]
[SourceVersion "1"]
[SourceVersionDate "2023.10.10"]
[SourceQuality "1"]

1. e4 c5 2. Nc3 d6 3. f4 Nf6 4. Nf3 a6 5. d4 cxd4 6. Nxd4 e5 7. Nf3 Qc7 8. Bd3 Be7 9. 0-0 0-0 10. Kh1 Nbd7 11. Qe1 b5 12. a3 Bb7 13. Nh4 g6 14. f5 Rfe8 15. Qg3 Nh5 16. Qf2 Qb6 17. Qe1 Qd8 18. fxg6 hxg6 19. Nf3 Ng7 20. Qg3 Nh5 21. Qf2 Rf8 22. Bh6 Ng7 23. h3 Rc8 24. Rad1 Qb6 25. Qg3 Nh5 26. Qe1 Ng7 27. Nh4 Bxh4 28. Qxh4 Qd8 29. Qg3 Qe8 1/2-1/2

[Event "Chigorin Memorial 29th"]
[Site "St Petersburg"]
[Date "2022.10.25"]
[Round "4"]
[White "Strizhnev, Ivan"]
[Black "Muromtsev, Arthur"]
[Result "1-0"]
[WhiteElo "1867"]
[BlackElo "2154"]
[PlyCount "77"]
[EventDate "2022.10.22"]
[EventType "swiss"]
[EventRounds "9"]
[EventCountry "RUS"]
[SourceTitle "EXT 2024"]
[Source "ChessBase"]
[SourceDate "2023.10.10"]
[SourceVersion "1"]
[SourceVersionDate "2023.10.10"]
[SourceQuality "1"]

1. e4 e5 2. Nf3 Nc6 3. Bb5 Nge7 4. 0-0 g6 5. d4 exd4 6. Nxd4 Bg7 7. Be3 0-0 8. Nc3 d5 9. exd5 Nb4 10. Bg5 h6 11. Bxe7 Qxe7 12. a3 Bxd4 13. axb4 Bg7 14. d6 cxd6 15. Nd5 Qd8 16. c3 Be6 17. Ra5 a6 18. Bc4 Re8 19. Re1 Be5 20. g3 h5 21. Ne3 Bc8 22. Qf3 Qd7 23. Nd5 Bg7 24. Re3 Rxe3 25. Qxe3 Qd8 26. Nf4 Kf8 27. Qf3 Bf6 28. Qd5 Qe8 29. Qxd6+ Kg7 30. Bd5 Qe1+ 31. Kg2 h4 32. gxh4 Bxh4 33. Nd3 Bh3+ 34. Kxh3 Qg1 35. Bxf7 Bf6 36. Bxg6 Qf1+ 37. Kg4 Qg1+ 38. Qg3 Qd1+ 39. Kf5 1-0

[Event "Chigorin Memorial 29th"]
[Site "St Petersburg"]
[Date "2022.10.23"]
[Round "2"]
[White "Nazemtsev, Artyom"]
[Black "Muromtsev, Arthur"]
[Result "1/2-1/2"]
[WhiteElo "1609"]
[BlackElo "2154"]
[PlyCount "61"]
[EventDate "2022.10.22"]
[EventType "swiss"]
[EventRounds "9"]
[EventCountry "RUS"]
[SourceTitle "EXT 2024"]
[Source "ChessBase"]
[SourceDate "2023.10.10"]
[SourceVersion "1"]
[SourceVersionDate "2023.10.10"]
[SourceQuality "1"]

1. d4 Nf6 2. c4 c5 3. d5 g6 4. Nc3 Bg7 5. e4 d6 6. Bd3 0-0 7. Nge2 e6 8. 0-0 exd5 9. exd5 Ng4 10. Ng3 f5 11. h3 Ne5 12. f4 Nxd3 13. Qxd3 Na6 14. Be3 Nc7 15. a4 Rb8 16. Rab1 Na6 17. Rfe1 Nb4 18. Qd2 a6 19. Bf2 Bd7 20. b3 b5 21. axb5 axb5 22. cxb5 Bxb5 23. Nxb5 Rxb5 24. Re6 Ra5 25. Qe2 Ra2 26. Qf3 Nc2 27. Qe2 Nb4 28. Qf3 Nc2 29. Qe2 Nb4 30. Qf3 Nc2 31. Qe2 1/2-1/2

[Event "Chigorin Memorial 29th"]
[Site "St Petersburg"]
[Date "2022.10.22"]
[Round "1"]
[White "Muromtsev, Arthur"]
[Black "Klobukov, Sergey"]
[Result "1/2-1/2"]
[WhiteElo "2154"]
[BlackElo "1598"]
[PlyCount "107"]
[EventDate "2022.10.22"]
[EventType "swiss"]
[EventRounds "9"]
[EventCountry "RUS"]
[SourceTitle "EXT 2024"]
[Source "ChessBase"]
[SourceDate "2023.10.10"]
[SourceVersion "1"]
[SourceVersionDate "2023.10.10"]
[SourceQuality "1"]

1. e4 c5 2. b3 Nc6 3. Bb2 d6 4. Bb5 Bd7 5. f4 a6 6. Bxc6 Bxc6 7. d3 Nf6 8. Nf3 e6 9. 0-0 Be7 10. Nbd2 0-0 11. Qe1 Ne8 12. Qg3 f6 13. Qh3 Qd7 14. d4 d5 15. e5 f5 16. dxc5 Bxc5+ 17. Bd4 Be7 18. Kh1 b5 19. Rf2 b4 20. Nf1 a5 21. Ne3 a4 22. Rg1 axb3 23. axb3 g6 24. g4 Ng7 25. Rfg2 Rf7 26. gxf5 Nxf5 27. Nxf5 Rxf5 28. Nh4 Bxh4 29. Qxh4 Qg7 30. Rg4 Bb5 31. Qf2 Qf7 32. h3 Rf8 33. Be3 Bc6 34. Kh2 d4 35. Bd2 Rxe5 36. Bxb4 Rd8 37. Qh4 Re2+ 38. R1g2 Rxg2+ 39. Rxg2 Rb8 40. Bd6 Bxg2 41. Bxb8 Be4 42. Qd8+ Qf8 43. Qxd4 Bxc2 44. Bd6 Qf5 45. Be5 Qd3 46. Qxd3 Bxd3 47. Kg3 Kf7 48. Kf2 Ke7 49. Ke3 Bf5 50. h4 Kd7 51. Kd4 Kc6 52. Bg7 h5 53. Ke5 Bh3 54. b4 1/2-1/2

[Event "RUS-chT Rapid"]
[Site "Sochi"]
[Date "2022.10.18"]
[Round "4.16"]
[White "Kabanov, Nikolai"]
[Black "Muromtsev, Arthur"]
[Result "1-0"]
[WhiteElo "2467"]
[BlackElo "2154"]
[PlyCount "62"]
[EventDate "2022.10.18"]
[EventType "team-swiss (rapid)"]
[EventRounds "9"]
[EventCountry "RUS"]
[SourceTitle "CBM 210 Extra"]
[Source "ChessBase"]
[SourceDate "2022.11.30"]
[SourceVersion "1"]
[SourceVersionDate "2022.11.30"]
[SourceQuality "1"]
[WhiteTeam "Yugra"]
[BlackTeam "Muromtsev Academy"]
[WhiteTeamCountry "RUS"]
[BlackTeamCountry "RUS"]

1. e4 e5 2. Nf3 Nc6 3. Nc3 Nf6 4. Bb5 Bb4 5. 0-0 0-0 6. Bxc6 dxc6 7. d3 Re8 8. h3 h6 9. Ne2 Bf8 10. Ng3 c5 11. b3 Nh7 12. Nd2 Re6 13. Nc4 g6 14. Bb2 Bg7 15. f4 exf4 16. Bxg7 Kxg7 17. Rxf4 Rf6 18. Rxf6 Qxf6 19. Kh2 h5 20. e5 Qh4 21. Qe1 Qd4 22. Ne2 Qd8 23. Qf2 Be6 24. Qxc5 Qh4 25. Rf1 Rd8 26. Nf4 Nf8 27. Qxc7 Rd7 28. Nxe6+ fxe6 29. Qc5 Nh7 30. Nd6 Ng5 31. Ne8+ Kh7 1-0

[Event "RUS-ch Blitz"]
[Site "Sochi"]
[Date "2022.10.14"]
[Round "1"]
[White "Drygalov, Andrey"]
[Black "Muromtsev, Arthur"]
[Result "1-0"]
[WhiteElo "2501"]
[BlackElo "2154"]
[PlyCount "101"]
[EventDate "2022.10.14"]
[EventType "swiss (blitz)"]
[EventRounds "13"]
[EventCountry "RUS"]
[SourceTitle "CBM 210 Extra"]
[Source "ChessBase"]
[SourceDate "2022.11.30"]
[SourceVersion "1"]
[SourceVersionDate "2022.11.30"]
[SourceQuality "1"]

1. e4 e5 2. Nf3 Nc6 3. Bc4 Nf6 4. d3 Bc5 5. 0-0 d6 6. c3 a6 7. a4 Ba7 8. Re1 h6 9. Nbd2 Be6 10. b4 0-0 11. Bxe6 fxe6 12. h3 Qe8 13. Nf1 Nh5 14. Be3 Nf4 15. Kh2 Ne7 16. Bxa7 Rxa7 17. d4 Neg6 18. g3 Nh5 19. Ra2 Qf7 20. Nxe5 Nxe5 21. dxe5 dxe5 22. Rd2 Nf6 23. Qf3 Raa8 24. Ne3 Qg6 25. Ng4 h5 26. Nxe5 Qg5 27. Qe3 Qxe5 28. f4 Ng4+ 29. hxg4 Qf6 30. g5 Qg6 31. Rd7 Rf7 32. Rxf7 Qxf7 33. Rd1 Qe7 34. Qc5 Qf7 35. Qe5 Rf8 36. b5 axb5 37. axb5 Qe7 38. b6 cxb6 39. Rd6 Qc7 40. Rxe6 Qc4 41. Kg1 Qe2 42. Qd4 Qe1+ 43. Kg2 Qe2+ 44. Qf2 Qc4 45. Re7 Qxc3 46. e5 Rd8 47. Qa2+ Kh8 48. Qf7 Qc2+ 49. Kh3 Rg8 50. Qxh5+ Qh7 51. Qxh7+ 1-0

[Event "Titled Tuesday intern op 06th Sep Late"]
[Site "Chess.com INT"]
[Date "2022.09.06"]
[Round "5"]
[White "Fernandez Siles, Luis"]
[Black "Muromtsev, Arthur"]
[Result "1-0"]
[WhiteElo "2220"]
[BlackElo "2154"]
[PlyCount "53"]
[EventDate "2022.09.06"]
[EventType "swiss (blitz)"]
[EventRounds "11"]
[EventCountry "USA"]
[SourceTitle "EXT 2023"]
[Source "ChessBase"]
[SourceDate "2022.10.05"]
[SourceVersion "1"]
[SourceVersionDate "2022.10.05"]
[SourceQuality "1"]

1. e4 e5 2. Nf3 Nc6 3. Bc4 Nf6 4. d4 exd4 5. 0-0 Nxe4 6. Nc3 Nxc3 7. bxc3 d5 8. Bb5 Be7 9. cxd4 0-0 10. h3 Bf5 11. c3 Bf6 12. Bf4 Ne7 13. g4 Bg6 14. g5 Bh5 15. gxf6 Ng6 16. fxg7 Nxf4 17. gxf8Q+ Qxf8 18. Kh2 Qh6 19. Rg1+ Kh8 20. Rg3 Bg4 21. Ne5 Be6 22. Qf3 f6 23. Ng4 Qg5 24. Rag1 Rg8 25. Ne3 Qh4 26. Rxg8+ Bxg8 27. Ng2 1-0

[Event "Titled Tuesday intern op 06th Sep Late"]
[Site "Chess.com INT"]
[Date "2022.09.06"]
[Round "2"]
[White "Lamard, Guillaume"]
[Black "Muromtsev, Arthur"]
[Result "1-0"]
[WhiteElo "2498"]
[BlackElo "2154"]
[PlyCount "67"]
[EventDate "2022.09.06"]
[EventType "swiss (blitz)"]
[EventRounds "11"]
[EventCountry "USA"]
[SourceTitle "EXT 2023"]
[Source "ChessBase"]
[SourceDate "2022.10.05"]
[SourceVersion "1"]
[SourceVersionDate "2022.10.05"]
[SourceQuality "1"]

1. e4 e5 2. Nf3 Nc6 3. Bb5 Nge7 4. 0-0 a6 5. Ba4 g6 6. c3 Bg7 7. d4 b5 8. Bb3 d6 9. a4 exd4 10. axb5 dxc3 11. Nxc3 Ne5 12. Nxe5 Bxe5 13. Bh6 Bb7 14. bxa6 Bxa6 15. Qf3 f6 16. Rfd1 Bb7 17. Bg7 Rf8 18. Bxf8 Kxf8 19. Nd5 Bxd5 20. Bxd5 Rxa1 21. Rxa1 Kg7 22. Ra8 Qd7 23. Qb3 Qg4 24. h3 Qf4 25. g3 Qd2 26. Re8 Nxd5 27. exd5 Bd4 28. Qf3 Qc1+ 29. Kg2 Qxb2 30. Re7+ Kf8 31. Rxc7 h5 32. h4 Bc5 33. Qf4 Ke8 34. Qe4+ 1-0

[Event "Titled Tuesday intern op 06th Sep Late"]
[Site "Chess.com INT"]
[Date "2022.09.06"]
[Round "10"]
[White "Muromtsev, Arthur"]
[Black "Graif, William"]
[Result "1-0"]
[WhiteElo "2154"]
[BlackElo "2305"]
[PlyCount "57"]
[EventDate "2022.09.06"]
[EventType "swiss (blitz)"]
[EventRounds "11"]
[EventCountry "USA"]
[SourceTitle "EXT 2023"]
[Source "ChessBase"]
[SourceDate "2022.10.05"]
[SourceVersion "1"]
[SourceVersionDate "2022.10.05"]
[SourceQuality "1"]

1. e4 e5 2. Nc3 Bc5 3. g3 Nc6 4. Bg2 a6 5. Nge2 d6 6. d3 f5 7. exf5 Bxf5 8. 0-0 Nge7 9. Ne4 Ba7 10. Be3 0-0 11. Bxa7 Rxa7 12. d4 Bxe4 13. Bxe4 d5 14. Bg2 e4 15. c4 dxc4 16. Bxe4 Nf5 17. Qc2 Nfxd4 18. Nxd4 Nxd4 19. Qxc4+ Kh8 20. Rad1 c5 21. Qxc5 Ne2+ 22. Kh1 Qe8 23. f3 b6 24. Qe3 Qb5 25. Bd3 Nxg3+ 26. hxg3 Qh5+ 27. Kg2 Raf7 28. Be4 a5 29. Rh1 1-0

[Event "Titled Tuesday intern op 06th Sep Late"]
[Site "Chess.com INT"]
[Date "2022.09.06"]
[Round "4"]
[White "Muromtsev, Arthur"]
[Black "Krstulovic, Alex"]
[Result "0-1"]
[WhiteElo "2154"]
[BlackElo "2411"]
[PlyCount "46"]
[EventDate "2022.09.06"]
[EventType "swiss (blitz)"]
[EventRounds "11"]
[EventCountry "USA"]
[SourceTitle "EXT 2023"]
[Source "ChessBase"]
[SourceDate "2022.10.05"]
[SourceVersion "1"]
[SourceVersionDate "2022.10.05"]
[SourceQuality "1"]

1. e4 e5 2. Nc3 Nf6 3. g3 Nc6 4. Bg2 Bc5 5. Nge2 a6 6. d3 d6 7. 0-0 Bg4 8. h3 Bh5 9. Be3 Nd4 10. g4 Bxg4 11. hxg4 Nxg4 12. Nxd4 Qh4 13. Nf3 Qh5 14. Bxc5 dxc5 15. Nd5 0-0 16. Ne7+ Kh8 17. Nf5 g6 18. Ng3 Qh6 19. Qd2 Qg7 20. Qg5 h5 21. Nh4 Kh7 22. f3 f6 23. Qd2 Nh6 0-1

[Event "Titled Tuesday intern op 06th Sep Late"]
[Site "Chess.com INT"]
[Date "2022.09.06"]
[Round "1"]
[White "Muromtsev, Arthur"]
[Black "Papp, Levente"]
[Result "1/2-1/2"]
[WhiteElo "2154"]
[BlackElo "2384"]
[PlyCount "36"]
[EventDate "2022.09.06"]
[EventType "swiss (blitz)"]
[EventRounds "11"]
[EventCountry "USA"]
[SourceTitle "EXT 2023"]
[Source "ChessBase"]
[SourceDate "2022.10.05"]
[SourceVersion "1"]
[SourceVersionDate "2022.10.05"]
[SourceQuality "1"]

1. e4 e6 2. b3 d5 3. Bb2 Nf6 4. e5 Nfd7 5. f4 c5 6. Qg4 Nc6 7. Nf3 h5 8. Qg3 g6 9. c3 a6 10. Bd3 Ne7 11. Ng5 Nf5 12. Bxf5 gxf5 13. Nxe6 fxe6 14. Qg6+ Ke7 15. Qg5+ Ke8 16. Qg6+ Ke7 17. Qg5+ Ke8 18. Qg6+ Ke7 1/2-1/2

[Event "Titled Tuesday intern op 06th Sep Late"]
[Site "Chess.com INT"]
[Date "2022.09.06"]
[Round "8"]
[White "Rubio Tent, Francisco"]
[Black "Muromtsev, Arthur"]
[Result "1-0"]
[WhiteElo "2311"]
[BlackElo "2154"]
[PlyCount "119"]
[EventDate "2022.09.06"]
[EventType "swiss (blitz)"]
[EventRounds "11"]
[EventCountry "USA"]
[SourceTitle "EXT 2023"]
[Source "ChessBase"]
[SourceDate "2022.10.05"]
[SourceVersion "1"]
[SourceVersionDate "2022.10.05"]
[SourceQuality "1"]

1. d4 Nf6 2. Nf3 c5 3. c3 b6 4. g3 Bb7 5. Bg2 g6 6. 0-0 Bg7 7. Bf4 0-0 8. Nbd2 d6 9. a4 a6 10. Re1 Nbd7 11. e4 Nh5 12. Bg5 h6 13. Be3 e5 14. dxc5 dxc5 15. Nh4 Nf4 16. Bf1 Qe7 17. Nf5 gxf5 18. gxf4 fxe4 19. f5 Qf6 20. Qg4 Kh8 21. Nxe4 Qc6 22. f3 Rg8 23. Kh1 Nf6 24. Qh4 Nxe4 25. fxe4 Qxe4+ 26. Qxe4 Bxe4+ 27. Bg2 Bxg2+ 28. Kxg2 Bf6+ 29. Kf3 Bg5 30. Ke4 f6 31. Rad1 Rad8 32. Rxd8 Rxd8 33. Re2 Rd1 34. Bf2 h5 35. a5 h4 36. axb6 c4 37. b7 Rd8 38. Ba7 Bf4 39. b8Q Rxb8 40. Bxb8 Kg7 41. Rf2 Kh6 42. Rxf4 exf4 43. Kxf4 Kh5 44. Bd6 h3 45. Be7 Kh6 46. Bxf6 Kh7 47. Bh4 Kg8 48. Bg3 Kf7 49. Kg4 Ke8 50. f6 Kf7 51. Be5 Kg6 52. Bd4 a5 53. Kxh3 a4 54. Kg3 Kf7 55. Kf4 Kg6 56. Ke4 Kf7 57. Kd5 Ke8 58. Kxc4 Kf8 59. Kb4 Kf7 60. Ka3 1-0

[Event "Novorossiysk Small Land op"]
[Site "Novorossiysk"]
[Date "2022.07.23"]
[Round "3"]
[White "Grebnev, Aleksey"]
[Black "Muromtsev, Arthur"]
[Result "1-0"]
[WhiteElo "2447"]
[BlackElo "2168"]
[PlyCount "87"]
[EventDate "2022.07.21"]
[EventType "swiss"]
[EventRounds "9"]
[EventCountry "RUS"]
[SourceTitle "CBM 209 Extra"]
[Source "ChessBase"]
[SourceDate "2022.09.30"]
[SourceVersion "1"]
[SourceVersionDate "2022.09.30"]
[SourceQuality "1"]

1. Nf3 g6 2. d4 Bg7 3. e4 c5 4. c4 Nc6 5. d5 Nd4 6. Nxd4 Bxd4 7. Nd2 d6 8. Bd3 Bg7 9. 0-0 e5 10. a3 a5 11. Rb1 a4 12. Bc2 Bd7 13. b3 axb3 14. Rxb3 Ra7 15. Bb2 f6 16. f4 exf4 17. Rxf4 Nh6 18. h3 Nf7 19. Rf1 0-0 20. Qb1 Qe7 21. Nf3 Bh6 22. Rb6 Bc8 23. a4 Ne5 24. Nxe5 fxe5 25. Rxf8+ Qxf8 26. Qe1 Ra6 27. Rb3 Qf4 28. Rd3 Bd7 29. a5 b6 30. Rf3 Qd2 31. Qxd2 Bxd2 32. Rf6 bxa5 33. Bxe5 a4 34. Rxd6 Ra7 35. Kf2 a3 36. Ke2 Bb4 37. Ba1 a2 38. e5 Bf5 39. Bxf5 gxf5 40. e6 Kf8 41. Bf6 Ba5 42. Rc6 Ra8 43. d6 Bd8 44. e7+ 1-0